000 00906aam a2200337 4500
005 20260306182429.0
008 150522b2001 xxu||||| |||| 00| 0 spa d
020 _a9502013433
041 _aESP
082 _a364.132.3 M187c2
100 _aMafroni, Carlos
_918967
245 _aLa convención interamericana contra la corrupción
250 _a2 edición
260 _aArgentina
260 _bAbeledo-Perrot
260 _c2001
300 _a267 páginas
490 _aInvestigación Criminal
650 _aCORRUPCIÓN
650 _aPREVENCIÓN
650 _aACTOS DE CORRUPCIÓN
650 _aENRIQUECIMIENTO ILICITO
650 _aFUNCIÓN PÚBLICA
650 _aCRIMEN ORGANIZADO
650 _aPROTECCIÓN DE LAS PERSONAS
650 _aLEGISLACIÓN INTERNA
650 _aSOBORNO TRANSNACIONAL
650 _aSECRETARIO BANCARIO
650 _aEXTRADICIÓN
942 _cBK
_2ddc
999 _c2200
_d2200